| 000 | 00845nam a2200217 i 4500 | ||
|---|---|---|---|
| 001 | 100065 | ||
| 003 | ES-MaACL | ||
| 005 | 20250915063042.0 | ||
| 007 | t| | ||
| 008 | 050921s1961 sp ||||1| spa d | ||
| 100 | 1 |
_aMartínez Val, José María, _d1916- _978455 |
|
| 245 | 1 | 0 |
_aUn epistolario inédito del reino de Felipe IV _b: (Correspondencia del venerable Fray Tomás de la Virgen) / _cDr. José María Martínez Val, Margarita Peñalosa E. Infantes. |
| 260 |
_aCiudad Real : _bInstituto de Estudios Manchegos, _c1961. |
||
| 300 |
_a140 p. ; _c24 cm. |
||
| 700 | 1 |
_aPeñalosa Esteban-Infantes, Margarita. _990302 |
|
| 700 | 1 |
_aTomás de la Virgen _c, (O.SS.T.) _9110516 |
|
| 710 | 2 |
_aInstituto de Estudios Manchegos. _94919 |
|
| 852 |
_aES-MaACL _jG-15381 _bR.47516 |
||
| 852 |
_aES-MaACL _jC-22489 _bR.50965 |
||
| 999 |
_c100065 _d100065 |
||